El poder legislativo / (Record no. 156341)
[ view plain ]
| 000 -LEADER | |
|---|---|
| campo de control de longitud fija | 01416nam a2200325 i 4500 |
| 001 - NÚMERO DE CONTROL | |
| campo de control | 156341 |
| 003 - IDENTIFICADOR DE NÚMERO DE CONTROL | |
| campo de control | ES-MaACL |
| 005 - FECHA Y HORA DE LA ÚLTIMA TRANSACCIÓN | |
| campo de control | 20250901063130.0 |
| 008 - DATOS DE LONGITUD FIJA--INFORMACIÓN GENERAL | |
| campo de control de longitud fija | 990614e1890 uy |r 001 0 spa |
| 040 ## - FUENTE DE CATALOGACIÓN | |
| Centro catalogador/agencia de origen | CCPB | B |
| Lengua de catalogación | spa |
| Centro/agencia transcriptor | ES-MaACL |
| 080 ## - NÚMERO DE LA CLASIFICACIÓN DECIMAL UNIVERSAL | |
| Número de la Clasificación Decimal Universal | 342.52 |
| 080 ## - NÚMERO DE LA CLASIFICACIÓN DECIMAL UNIVERSAL | |
| Número de la Clasificación Decimal Universal | 342.53 |
| 100 1# - ENTRADA PRINCIPAL--NOMBRE DE PERSONA | |
| Nombre de persona | Jiménez de Aréchaga, Justino E., |
| Fechas asociadas al nombre | 1883-1928 |
| Término indicativo de función/relación | Autor |
| 9 (RLIN) | 128316 |
| 245 13 - MENCIÓN DEL TÍTULO | |
| Título | El poder legislativo / |
| Mención de responsabilidad, etc. | por Justino Jiménez de Aréchaga |
| 260 ## - PUBLICACIÓN, DISTRIBUCIÓN, ETC. | |
| Lugar de publicación, distribución, etc. | Montevideo : |
| Nombre del editor, distribuidor, etc. | [s.n.], |
| Fecha de publicación, distribución, etc. | 1890 |
| Fabricante | (Librería Nacional de A. Barreiro y Ramos) |
| 300 ## - DESCRIPCIÓN FÍSICA | |
| Extensión | 377 páginas ; |
| Dimensiones | 23 cm |
| 500 ## - NOTA GENERAL | |
| Nota general | Índice |
| 505 0# - NOTA DE CONTENIDO CON FORMATO | |
| Nota de contenido con formato | Vol. I. Organización del Poder Legislativo, 1887 (VIII, 327 páginas) - v. II. Derecho Parlamentario; Funciones del Poder Legislativo, 1890 (377 páginas)<br/> |
| 530 ## - NOTA DISPONIBLE DE FORMULARIO FÍSICO ADICIONAL | |
| Nota de formato físico adicional disponible | Disponible en formato digital la obra completa: 2 v. |
| 596 ## - NOTA DE PIE DE IMPRENTA | |
| Nota | Pie de imprenta del v. I: Montevideo : Tip. y Enc. de A. Barreiro y Ramos, 1887 |
| 650 #4 - PUNTO DE ACCESO ADICIONAL DE MATERIA--TÉRMINO DE MATERIA | |
| Término de materia o nombre geográfico como elemento de entrada | Poder legislativo |
| 9 (RLIN) | 136723 |
| 650 #4 - PUNTO DE ACCESO ADICIONAL DE MATERIA--TÉRMINO DE MATERIA | |
| Término de materia o nombre geográfico como elemento de entrada | Derecho parlamentario |
| 9 (RLIN) | 242161 |
| 700 1# - ENTRADA AGREGADA--NOMBRE PERSONAL | |
| Nombre de persona | Barreiro y Ramos, Antonio, |
| Fechas asociadas al nombre | 1851-1916 |
| Término indicativo de función/relación | Impresor |
| 9 (RLIN) | 242162 |
| 752 ## - ENTRADA AGREGADA--NOMBRE JERÁRQUICO DEL LUGAR | |
| País o entidad superior | Uruguay - |
| Ciudad | Montevideo |
| 852 4# - LOCALIZACIÓN | |
| Ubicación | ES-MaACL |
| Ubicación en estantería | Sala Pecera Planta 2 |
| Partes que faltan | Sólo v. II |
| Número de control de estantería | F-11783 |
| Encuadernación | Pasta española |
| 856 4# - LOCALIZACIÓN Y ACCESO ELECTRÓNICOS | |
| Identificador Uniforme de Recursos | <a href="https://bdh-rd.bne.es/viewer.vm?id=0000049929&page=1">https://bdh-rd.bne.es/viewer.vm?id=0000049929&page=1</a> |
| Texto de enlace | Versión en línea: 2 v. |
| Nota pública | (Biblioteca Digital Hispánica) |
| 942 ## - ELEMENTOS DE ENTRADA SECUNDARIOS (KOHA) | |
| Tipo de ítem Koha | Libro impreso antiguo |
| Suprimir en OPAC | No |
| Estatus retirado | Estado de pérdida | Estado de daño | No para préstamo | Colección | Biblioteca de origen | Biblioteca actual | Ubicación en estantería | Fecha de adquisición | Fuente de adquisición | Total de préstamos | Signatura topográfica completa | Código de barras | Visto por última vez | Precio de reemplazo | Tipo de ítem Koha |
|---|---|---|---|---|---|---|---|---|---|---|---|---|---|---|---|
| Libros del s. XIX | Biblioteca del Ateneo de Madrid | Biblioteca del Ateneo de Madrid | Sala Pecera Planta 2 | 17/01/2008 | F-11783 | 1163564 | 23/02/2023 | 23/02/2023 | Libro impreso antiguo |
